[Event "TUN-chT U16"]
[Site "Kelibia"]
[Date "2021.11.04"]
[Round "4.3"]
[White "Abdallah, Mohamed Khalil"]
[Black "Boumaiza, Fares"]
[Result "0-1"]
[WhiteElo "1200"]
[BlackElo "1268"]
[PlyCount "88"]
[EventDate "2021.11.03"]
[EventType "team-tourn"]
[EventRounds "10"]
[EventCountry "TUN"]
[SourceTitle "CBM 205 Extra"]
[Source "ChessBase"]
[SourceDate "2022.01.31"]
[SourceVersion "1"]
[SourceVersionDate "2022.01.31"]
[SourceQuality "1"]
[WhiteTeam "Bouhjar"]
[BlackTeam "Ariana Sporting"]
[WhiteTeamCountry "TUN"]
[BlackTeamCountry "TUN"]

1. d4 Nf6 2. Nf3 e6 3. e3 d5 4. Bd3 Nc6 5. c3 Bd6 6. Nbd2 e5 7. dxe5 Nxe5 8. Nxe5 Bxe5 9. 0-0 Qe7 10. Nf3 Bg4 11. Be2 Bxf3 12. Bxf3 h5 13. Qb3 c6 14. g3 h4 15. Qd1 Qe6 16. Qe2 Ne4 17. Bxe4 dxe4 18. Bd2 0-0-0 19. Rfd1 hxg3 20. fxg3 Rh3 21. Be1 Rdh8 22. Rd2 Kb8 23. Qg2 f5 24. Rad1 Bc7 25. Rf2 Qh6 26. Re2 Bb6 27. Bd2 g5 28. Rf1 f4 29. gxf4 gxf4 30. Qxe4 Rxh2 31. Rg2 fxe3 32. Qe5+ Bc7 33. Rxh2 Qxh2+ 34. Qxh2 Bxh2+ 35. Kg2 exd2 36. Rd1 Bf4 37. Kf3 Bh6 38. Ke2 Re8+ 39. Kf1 Kc7 40. c4 c5 41. b3 Kb6 42. Kf2 Re4 43. Kf3 Re1 44. Rxe1 dxe1Q 0-1

[Event "TUN-ch U14"]
[Site "Monastir"]
[Date "2021.09.02"]
[Round "2"]
[White "Frej, Chedly"]
[Black "Boumaiza, Fares"]
[Result "0-1"]
[WhiteElo "1060"]
[BlackElo "1268"]
[PlyCount "57"]
[EventDate "2021.09.01"]
[EventType "swiss"]
[EventRounds "9"]
[EventCountry "TUN"]
[SourceTitle "EXT 2023"]
[Source "ChessBase"]
[SourceDate "2022.10.05"]
[SourceVersion "1"]
[SourceVersionDate "2022.10.05"]
[SourceQuality "1"]

1. e4 e5 2. Nf3 Nc6 3. Bc4 Bc5 4. c3 Nf6 5. d3 h6 6. 0-0 d6 7. d4 exd4 8. cxd4 Bb6 9. Re1 0-0 10. Nc3 Bg4 11. d5 Nd4 12. Be2 Nxe2+ 13. Qxe2 Re8 14. h3 Bf5 15. Nd2 Bd4 16. Nb5 Be5 17. exf5 Bh2+ 18. Kxh2 Rxe2 19. Rxe2 Nxd5 20. Ne4 Qd7 21. Bd2 Qxb5 22. Ree1 Re8 23. f3 Qxb2 24. Reb1 Qe5+ 25. Kh1 Nf6 26. Bc3 Qxf5 27. Bxf6 gxf6 28. Rxb7 d5 29. Rb5 0-1

[Event "TUN-ch U16"]
[Site "Monastir"]
[Date "2021.03.17"]
[Round "6"]
[White "Derouiche, Omar"]
[Black "Boumaiza, Fares"]
[Result "1-0"]
[WhiteElo "1367"]
[BlackElo "1230"]
[PlyCount "71"]
[EventDate "2021.03.15"]
[EventType "swiss"]
[EventRounds "9"]
[EventCountry "TUN"]
[SourceTitle "EXT 2022"]
[Source "ChessBase"]
[SourceDate "2021.10.06"]
[SourceVersion "1"]
[SourceVersionDate "2021.10.06"]
[SourceQuality "1"]

1. Nf3 c5 2. c4 Nc6 3. g3 g6 4. Bg2 Nf6 5. Nc3 d5 6. cxd5 Nxd5 7. Qb3 e6 8. d3 Bg7 9. Bg5 f6 10. Bd2 0-0 11. 0-0 Rb8 12. Rac1 Qb6 13. Nxd5 Qxb3 14. Nxf6+ Bxf6 15. axb3 b6 16. Bc3 Nd4 17. Nxd4 cxd4 18. Bb4 Re8 19. Bd6 Bb7 20. Bxb8 Bxg2 21. Kxg2 Rxb8 22. Rc7 a5 23. Rfc1 Rf8 24. R1c6 h5 25. Rxe6 Kh8 26. Rcc6 Kg7 27. Rxb6 g5 28. Ra6 h4 29. Rxf6 Rxf6 30. Rxf6 Kxf6 31. gxh4 gxh4 32. Kf3 Kg5 33. h3 Kf5 34. e3 dxe3 35. fxe3 Kg5 36. d4 1-0

[Event "TUN-ch U16"]
[Site "Monastir"]
[Date "2021.03.15"]
[Round "1"]
[White "Boumaiza, Fares"]
[Black "Jday, Zoubeir"]
[Result "1/2-1/2"]
[WhiteElo "1230"]
[BlackElo "1295"]
[PlyCount "64"]
[EventDate "2021.03.15"]
[EventType "swiss"]
[EventRounds "9"]
[EventCountry "TUN"]
[SourceTitle "EXT 2022"]
[Source "ChessBase"]
[SourceDate "2021.10.06"]
[SourceVersion "1"]
[SourceVersionDate "2021.10.06"]
[SourceQuality "1"]

1. e4 e5 2. Bc4 Nf6 3. d3 Bc5 4. Nc3 h6 5. Nf3 d6 6. 0-0 Bg4 7. Be3 Bb6 8. Na4 Nc6 9. Nxb6 axb6 10. c3 0-0 11. h3 Bh5 12. Qe2 Qe7 13. Bd2 Na5 14. Bb5 c6 15. Ba4 b5 16. Bc2 Rfd8 17. b4 d5 18. bxa5 dxe4 19. dxe4 Bxf3 20. gxf3 Nh5 21. Kh1 Rxd2 22. Qxd2 Nf4 23. Rg1 Qh4 24. Rg4 Qxh3+ 25. Kg1 Qxf3 26. Rxf4 exf4 27. Qd1 Qh3 28. f3 Qg3+ 29. Kf1 Qh3+ 30. Kg1 Qg3+ 31. Kf1 Qh3+ 32. Kg1 Qg3+ 1/2-1/2

[Event "Monastir U16"]
[Site "Monastir"]
[Date "2018.09.03"]
[Round "2.21"]
[White "Ait Hammou Mohamed, Rayane"]
[Black "Boumaiza, Fares"]
[Result "1-0"]
[WhiteElo "1527"]
[BlackElo "1200"]
[PlyCount "68"]
[EventDate "2018.09.02"]
[EventType "swiss"]
[EventRounds "9"]
[EventCountry "TUN"]
[SourceTitle "EXT 2024"]
[Source "ChessBase"]
[SourceDate "2023.10.10"]
[SourceVersion "1"]
[SourceVersionDate "2023.10.10"]
[SourceQuality "1"]

1. e4 e5 2. Nf3 Nc6 3. Bc4 Bc5 4. c3 Nf6 5. d3 0-0 6. 0-0 a6 7. h3 Na5 8. Bb3 c6 9. Ba4 b5 10. Bc2 Bb6 11. Bg5 h6 12. Bd2 d5 13. exd5 Qxd5 14. Qe1 Bxh3 15. c4 bxc4 16. Nc3 Qe6 17. Nh2 Bf5 18. Ne4 Nxe4 19. dxe4 Bh7 20. Bxa5 Bd4 21. Bc3 c5 22. Nf3 Rab8 23. b3 cxb3 24. Bxb3 Qc6 25. Bd5 Qd6 26. Qd2 Kh8 27. Rab1 Rfd8 28. Nxd4 exd4 29. Ba5 Rd7 30. Rb2 f5 31. f3 f4 32. Rfb1 Rc8 33. Rb7 Rxb7 34. Rxb7 Qd7 1-0